01207 a2200241 4500003000800000005001700008008004100025040002600066041000800092092002600100100002900126245021800155260002600373300002800399502018500427504005100612650008100663650006800744650004400812830007900856942001300935999001700948DO-SdUA20250325093540.0 s2021 dr a|| |||| 0 |a||0|spa d aDO-SdUAbspacDO-SdUA0 aspa aMA-PPGE 0009 FCE 20211 aVásquez Peña, Joanna10aDesarrollo de la psicomotricidad en los niños del pre-primario del Centro Educativo San Martin de Porres Municipio La Vega, Provincia La Concepción de la Vega Real, periodo 202-2021 /cJoanna Vásquez Peña. aBonao :bUASD,c2021. avi, 93, [47], h. :bil. aTesis y trabajo de grado (Maestría en Procesos Pedagógicos y Gestión̤ de la Educación̤ Infantil)-- Universidad Autónoma de Santo Domingo, Monseñor Nouel, Bonao, 2021. aIncluye referencias bibliográficas y anexos. 72lemb959696aAptitud motora en niñosxAspectos fisiológicosxCrecimiento 72lemb910519aEducación preescolarxInvestigacionesy2020-2021 72lemb921420aNiñosxCuidado e higiene aTesis y disertaciones acadm̌icas (Universidad Autn̤oma de Santo Domingo) 2clcTn0 c12894d12894